Normal view
MARC view
- Promotores en educación
Entry Materia
001 - NÚMERO DE CONTROL DEL REGISTRO
- campo de control: 49899
003 - IDENTIFICADOR DE NUMERO DE CONTROL
- campo de control: MX-MxUPN
005 - FECHA Y HORA DE LA ÚLTIMA TRANSACCIÓN
- campo de control: 20230907125343.0
008 - DATOS DE LONGITUD FIJA
- campo de control de longitud fija: 230907dn fnznnbaba n ana d
040 ## - FUENTE DE LA CATALOGACIÓN
- Centro catalogador de origen: MX-MxUPN
- Lengua de catalogación: spa
150 ## - ENCABEZAMIENTO - TEMÁTICO
- Término de materia o nombre geográfico como elemento inicial: Promotores en educación
- Subdivisión de materia general: Capacitación
- Subdivisión geográfica: México
670 ## - FUENTE EN LA QUE SE LOCALIZARON DATOS
- Cita de la fuente: Autoridades BGTQ, 7 septiembre 2023:
- Información localizada: (Promotores en educación)
670 ## - FUENTE EN LA QUE SE LOCALIZARON DATOS
- Cita de la fuente: Autoridades BGTQ, 7 septiembre 2023:
- Información localizada: (Subdivisión general: Capacitación)
670 ## - FUENTE EN LA QUE SE LOCALIZARON DATOS
- Cita de la fuente: Autoridades BGTQ, 7 septiembre 2023:
- Información localizada: (México)
902 ## - CATALOGADOR
- Catalogador: VíctorGodinez/070923
